[Event "Mecklenburg VP LL2 Ost 0910"]
[Site "Mecklenburg VP"]
[Date "2009.10.18"]
[Round "1.1"]
[White "Giese, Lothar"]
[Black "Voelschow, Siegfried"]
[Result "0-1"]
[WhiteElo "1895"]
[BlackElo "1922"]
[PlyCount "116"]
[EventDate "2009.10.18"]
[EventType "team-tourn"]
[EventRounds "9"]
[EventCountry "GER"]
[SourceTitle "EXT 2016"]
[Source "ChessBase"]
[SourceDate "2015.10.08"]
[SourceVersion "1"]
[SourceVersionDate "2015.10.08"]
[SourceQuality "1"]
[WhiteTeam "Stralsund FHSG II"]
[BlackTeam "Saal Waterkant"]
[WhiteTeamCountry "GER"]
[BlackTeamCountry "GER"]

1. g3 e5 2. Bg2 Nf6 3. c4 c6 4. Nc3 d5 5. cxd5 cxd5 6. d3 d4 7. Ne4 Nc6 8. Nxf6+ gxf6 9. Bd2 Qb6 10. b3 Be6 11. Nf3 Nb4 12. Bxb4 Bxb4+ 13. Nd2 Bc3 14. Rc1 Qb4 15. Rc2 Rc8 16. 0-0 Ke7 17. f4 Bxd2 18. Rxd2 Rc3 19. fxe5 fxe5 20. Qe1 Rc7 21. e3 Rhc8 22. exd4 Rc1 23. Rd1 Qxd4+ 24. Kh1 Rxd1 25. Qxd1 Bd5 26. Qe2 Rc3 27. Re1 f6 28. Be4 Rxd3 29. Bxd5 Qxd5+ 30. Qe4 Ke6 31. Qxd5+ Rxd5 32. Re2 f5 33. Kg2 e4 34. Kf2 Ke5 35. Ke3 Rd3+ 36. Kf2 Rc3 37. Rb2 h5 38. Re2 h4 39. Rb2 hxg3+ 40. hxg3 Rf3+ 41. Kg2 Kd4 42. Rc2 Rc3 43. Rf2 Rc5 44. Rd2+ Kc3 45. Rd7 Rb5 46. Kf2 Ra5 47. Rxb7 Rxa2+ 48. Ke3 Ra1 49. Rf7 Rf1 50. Rxa7 Rf3+ 51. Ke2 Rxg3 52. Rb7 f4 53. Rf7 Re3+ 54. Kf2 Rf3+ 55. Ke2 Kxb3 56. Re7 Re3+ 57. Kd2 Kc4 58. Rd7 Rd3+ 0-1